The steps to war : (رقم التسجيلة. 116150)

تفاصيل مارك
000 -LEADER
fixed length control field 01795cam a2200373 a 4500
008 - FIXED-LENGTH DATA ELEMENTS--GENERAL INFORMATION
fixed length control field 080129s2008 njua b 001 0 eng
010 ## - LIBRARY OF CONGRESS CONTROL NUMBER
LC control number 2008003922
020 ## - INTERNATIONAL STANDARD BOOK NUMBER
International Standard Book Number 0691134219 (hardcover : alk. paper)
020 ## - INTERNATIONAL STANDARD BOOK NUMBER
International Standard Book Number 0691138923 (pbk. : alk. paper)
020 ## - INTERNATIONAL STANDARD BOOK NUMBER
International Standard Book Number 9780691134215 (hardcover : alk. paper)
020 ## - INTERNATIONAL STANDARD BOOK NUMBER
International Standard Book Number 9780691138923 (pbk. : alk. paper)
040 ## - CATALOGING SOURCE
Original cataloging agency DLC
Transcribing agency DLC
Modifying agency BTCTA
-- BAKER
-- YDXCP
-- UKM
-- OCLCG
-- C#P
-- CDX
-- BWX
-- NLGGC
-- DLC
050 00 - LIBRARY OF CONGRESS CALL NUMBER
Classification number JZ6385
Item number .S46 2008
082 00 - DEWEY DECIMAL CLASSIFICATION NUMBER
Classification number 355.02/7
Edition number 22
092 04 - LOCALLY ASSIGNED DEWEY CALL NUMBER (OCLC)
Classification number 355.027
Item number S475
Edition number 21
099 ## - LOCAL FREE-TEXT CALL NUMBER (OCLC)
Classification number 04
-- 355.027 S475
100 1# - MAIN ENTRY--PERSONAL NAME
Personal name Senese, Paul Domenic.
245 14 - TITLE STATEMENT
Title The steps to war :
Remainder of title an empirical study /
Statement of responsibility, etc. Paul D. Senese and John A. Vasquez.
260 ## - PUBLICATION, DISTRIBUTION, ETC.
Place of publication, distribution, etc. Princeton :
Name of publisher, distributor, etc. Princeton University Press,
Date of publication, distribution, etc. c2008.
300 ## - PHYSICAL DESCRIPTION
Extent xvii, 314 p. :
Other physical details ill. ;
Dimensions 25 cm.
500 ## - GENERAL NOTE
General note American Window.
504 ## - BIBLIOGRAPHY, ETC. NOTE
Bibliography, etc. note Includes bibliographical references (p. 281-299) and indexes.
505 0# - FORMATTED CONTENTS NOTE
Formatted contents note The steps to war -- The evolution of a research program : research design -- From territorial claims to territorial disputes : testing for selection effects -- Territory, contiguity, and their interaction : a contingent model of interstate conflict -- The probability of war between nation-states -- The probability of crisis escalation -- Exploring interactions in the steps to war -- Explaining war, thinking about peace.
650 #0 - SUBJECT ADDED ENTRY--TOPICAL TERM
Topical term or geographic name entry element Conflict management
General subdivision Research.
650 #0 - SUBJECT ADDED ENTRY--TOPICAL TERM
Topical term or geographic name entry element International relations
General subdivision Research.
650 #0 - SUBJECT ADDED ENTRY--TOPICAL TERM
Topical term or geographic name entry element War
General subdivision Causes
-- Research.
700 1# - ADDED ENTRY--PERSONAL NAME
Personal name Vasquez, John A.,
Dates associated with a name 1945-
856 41 - ELECTRONIC LOCATION AND ACCESS
Materials specified Table of contents only
Uniform Resource Identifier <a href="http://www.loc.gov/catdir/toc/ecip089/2008003922.html">http://www.loc.gov/catdir/toc/ecip089/2008003922.html</a>
902 ## - LOCAL DATA ELEMENT B, LDB (RLIN)
No. of Items 1
905 ## - LOCAL DATA ELEMENT E, LDE (RLIN)
Cataloger Eman
Reviser Rev.
905 ## - LOCAL DATA ELEMENT E, LDE (RLIN)
Cataloger Jamal
Reviser Cat.
942 ## - ADDED ENTRY ELEMENTS (KOHA)
Source of classification or shelving scheme Dewey Decimal Classification
Koha item type Books
المقتنيات
Source of classification or shelving scheme Not for loan Home library Current library Date acquired Full call number Barcode Date last seen Copy number Koha item type
Dewey Decimal Classification   المكتبة المركزبة الجديدة - جامعة القاهرة قاعة الثقاقات الاجنبية - الدور الثالث 11.02.2024 355.027 S475 Am.W. 01000110192550000 05.07.2024 C.1 Books
Cairo University Libraries Portal Implemented & Customized by: Eng. M. Mohamady Contacts: new-lib@cl.cu.edu.eg | cnul@cl.cu.edu.eg
CUCL logo CNUL logo
© All rights reserved — Cairo University Libraries
CUCL logo
Implemented & Customized by: Eng. M. Mohamady Contact: new-lib@cl.cu.edu.eg © All rights reserved — New Central Library
CNUL logo
Implemented & Customized by: Eng. M. Mohamady Contact: cnul@cl.cu.edu.eg © All rights reserved — Cairo National University Library